Statistics for Top 3 Street Names by European Country (in English)

Click here to take the quiz!

General Stats

  • This quiz has been taken 118 times
  • The average score is 18 of 54

Answer Stats

GroupAnswer% Correct
AustriaMain Street
82%
GermanyMain Street
82%
SwitzerlandMain Street
82%
SpainMain Street
82%
SlovakiaMain Street
82%
IrelandMain Street
82%
UKMain Street
82%
UKHigh Street
60%
FranceChurch Square
58%
NetherlandsChurch Street
58%
SpainChurch Street
58%
BelgiumChurch Street
58%
FinlandChurch Street
58%
FranceChurch Street
58%
UKStation Road
33%
Czech RepublicStation Street
33%
SwitzerlandStation Street
33%
AustriaStation Street
33%
GermanySchool Street
31%
BelgiumSchool Street
31%
SlovakiaSchool Street
31%
SwedenSchool Street
31%
RussiaSchool Street
31%
FinlandSchool Street
31%
NetherlandsSchool Street
31%
PolandForest Street
28%
LithuaniaForest Street
28%
RussiaCentral Street
26%
ItalyRome Street
26%
PolandSunny Street
26%
FinlandBeach Road
23%
SlovakiaNew Street
22%
SpainRoyal Street
21%
NetherlandsMill Street
20%
BelgiumMill Street
20%
GermanyVillage Street
20%
SwitzerlandVillage Street
20%
AustriaField Alley
18%
PolandField Street
18%
DenmarkBirch Street
17%
LithuaniaBirch Street
17%
SwedenRing Road
17%
IrelandGrand Canal Way
16%
IrelandRoyal Canal Way
16%
Czech RepublicGarden Street
13%
ItalyGaribaldi Street
12%
LithuaniaLinden Street
12%
Czech RepublicShort Street
12%
SwedenGrand Street
11%
FranceGrand Street
11%
DenmarkLark Street
9%
RussiaYouth Street
9%
DenmarkAngle Street
8%
ItalyMarconi Street
7%

Score Distribution

Percentile by Number Answered

Percent of People with Each Score

Your Score History

You have not taken this quiz